000 01240nam a22003377a 4500
003 CHAP
005 20220817042325.0
008 971013s1968 r 00010 d
010 _a40884
011 _a41856
035 _a45982
040 _cCHAP
082 _a551.5
_bM68
100 0 0 _aMosiño Alemán, Pedro A.
_979013
245 _aApuntes de meteorología y climatología
260 _aMéxico, D.F. :
_bUniversidad Nacional Autónoma de México. Facultad de Ciencias,
_c1968
300 _a139 h
590 _aBATCH-UPD
_b10
_c20130110
_lUCH01
_h1351
590 _aBATCH-UPD
_b10
_c20130410
_lUCH01
_h0847
590 _aBATCH-UPD
_b10
_c20130914
_lUCH01
_h0949
590 _aCONVERSION
_b10
_c20130109
_lUCH01
_h1323
650 1 4 _aClimatología.
_923864
650 1 4 _aMeteorología.
901 _aBK
942 _cLIBRO
949 _a551.5 M68
_bBC
_cLIBRO
_d33724000604948
_eLIBRO
_fc.2
_h13257
_i45982
_mD
_si
949 _a551.5 M68
_bBC
_cLIBRO
_d33724000756284
_eLIBRO
_fc.5
_h13260
_i45982
_si
949 _a551.5 M68
_bBC
_cLIBRO
_d33724000788964
_eLIBRO
_fc.4
_h13259
_i45982
_mD
_si
949 _a551.5 M68
_bBC
_cLIBRO
_d33724000807608
_eLIBRO
_h13256
_i45982
_mD
_si
949 _a551.5 M68
_bBC
_cLIBRO
_d33724002015884
_eLIBRO
_fc.3
_h13258
_i45982
_mD
_si
999 _c40884
_d40884